000 00624nam a2200193 i 4500
001 28354
003 ES-MaACL
005 20240421063011.0
007 t|
008 030117s1958 sp ||||1| spa d
100 0 _aBadosa, Enrique,
_d1927-2021
_924566
245 1 0 _aPrimero hablemos de Júpiter
_b: la poesía como medio de conocimientos /
_cEnrique Badosa.
260 _aMadrid, etc. :
_b[s.n.,
_c1958]
300 _a20 h. ;
_c19 cm.
490 1 _aPapeles de Son Armadans ;
_v29
830 0 _aPapeles de Son Armadans ;
_v29
_9229261
852 _aES-MaACL
_j2007-F-4
_bR.42673
999 _c28354
_d28354